Now Look What You've Done! /
Lorenz es un caricaturista norteamericano que ha publicado sus trabajos en prácticamente todas las revistas de su país especializadas en el género. En este texto recopila trabajos originalmente publicados por The New Yorker.
Guardado en:
| Autor principal: | |
|---|---|
| Formato: | Libro |
| Idioma: | Inglés |
| Publicado: |
Nueva York, EUA :
Pantheon Books,
1977
|
| Temas: | |
| Etiquetas: |
Sin etiquetas, Sé el primero en etiquetar este registro!
|
MARC
| LEADER | 00000nam^a2200000^a^4500 | ||
|---|---|---|---|
| 001 | 000024162 | ||
| 005 | 20250521000000.0 | ||
| 009 | 20260310084603.251 | ||
| 020 | |a 0-394-41552-3 | ||
| 037 | |a Acervo ITESO - Biblioteca | ||
| 041 | |a ING | ||
| 082 | |a 741. 509 |b LOR | ||
| 100 | |a Lorenz, Lee |e (autor) | ||
| 245 | 1 | 0 | |a Now Look What You've Done! / |c L. Lorenz. |
| 264 | 1 | |a Nueva York, EUA : |b Pantheon Books, |c 1977 | |
| 300 | |a 1 v. (sin paginación) | ||
| 336 | |a texto |b txt |2 rdacontenido | ||
| 337 | |a sin mediación |b n |2 rdamedio | ||
| 338 | |a volumen |b nc |2 rdasoporte | ||
| 520 | |a Lorenz es un caricaturista norteamericano que ha publicado sus trabajos en prácticamente todas las revistas de su país especializadas en el género. En este texto recopila trabajos originalmente publicados por The New Yorker. | ||
| 649 | |a XX | ||
| 650 | |a Medios de Comunicación | ||
| 650 | |a Historietas y Caricaturas de Humor | ||
| 650 | |a Historietas y Caricaturas Norteamericanas | ||
| 910 | |a Fondo General | ||
| 920 | |a Impresos - Libros | ||
| 930 | |a Colección General | ||
| 905 | |a 101 | ||
| 901 | |a 0241620100 |b IT1 |c ACC |i 024162 |u 20250521 | ||
| 902 | |a https://opac.biblio.iteso.mx/vufind/Record/000024162 | ||